000 00342 a2200157 4500
001 190434
020 _a978-0-19-846676-5
040 _cMagnum
100 _aDonaldson, Julia
240 1 0 _aThe shopping list
_lING
245 1 0 _aThe shopping list
300 _a16
362 0 _a2008
697 _aLITERATURA INFANTIL INGLESA
942 _cBK
999 _c190434
_d190434